000 00730nam a22002057a 4500
003 OSt
005 20260423041218.0
008 260423b |||||||| |||| 00| 0 eng d
020 _a0-07-301856-2
040 _aDWC-Main lib.
_cOC
082 _28th ed.
_aCirc. 515 H699 2005
100 _aHoffmann, Laurence D.
245 _aApplied calculus :
_bfor business, economics and the social and life sciences/
_cLaurence D. Hoffmann
260 _aNew York :
_bMcGraw-Hill,
_cc2005.
300 _axxxii, 976 p. ;
_bcolored illustrations ;
_c26 cm.
504 _aIncludes index
650 _a1. 1. Calculus. I. Bradley, Gerald L. II. Rosen, Kenneth H. III. Title.
760 _b8th ed.
942 _2ddc
_cBK-CIRC
_e8th ed.
_hCirc.
_n0
999 _c9784
_d9784